| 000 | 00526nam a2200157 i 4500 | ||
|---|---|---|---|
| 001 | 42022 | ||
| 003 | ES-MaACL | ||
| 005 | 20230906160531.0 | ||
| 007 | t| | ||
| 008 | 030312s1957 cu ||||1| spa d | ||
| 100 | 1 |
_aCarbonell y Rivero, Néstor. _935074 |
|
| 245 | 1 | 0 |
_aTampa cuna del partido revolucionario cubano / _cdiscurso leído por el académico de número Néstor Carbonell y Rivero. |
| 260 |
_aLa Habana : _b[s.n., _c1957] ( _fImp. El Siglo XX) |
||
| 300 |
_a35 p. ; _c25 cm. |
||
| 852 |
_aES-MaACL _j2014-F-11 _bR.44567 |
||
| 999 |
_c42022 _d42022 |
||